• 首页
  • 本馆介绍
  • 公告通知
  • 最新文献
  • 馆藏检索
  • 电子资源
  • 读者导购
  • 参考咨询
  • 我的图书馆
  • 登录
  • 详细信息显示
  • 放入我的书架
  • 预约/预借图书
  • 作者相关作品
  • 分类相关作品
  • 丛书相关作品
  • 出版社相关作品

书目信息

  • 表格格式
  • 工作单格式
  • 卡片格式
题名:
乌鸦办葬礼
    
 
作者: 户川幸夫 著 ;石田武雄 , 赵建中 绘
分册:  
出版信息: 武汉   长江少年儿童出版社  2017
页数: 188页
开本: 19cm
丛书名:
单 册:
中图分类: I313.84
科图分类:
主题词: 儿童小说--er tong xiao shuo--短篇小说--小说集--日本--现代
电子资源:
ISBN: 978-7-5560-4495-5
000 01213nam0 22002651 450
001 0127144048
005 20170427144048.0
010    @a978-7-5560-4495-5@dCNY18.00
100    @a20170207d2017 em y0chiy50 ea
101 1  @achi@cjpn
102    @aCN@b420000
105    @aa z 000ay
106    @ar
200 1  @a乌鸦办葬礼@Awu ya ban zang li@f(日)户川幸夫著@g(日)石田武雄绘@g赵建中译
210    @a武汉@c长江少年儿童出版社@d2017
215    @a188页@c图@d19cm
300    @a户川幸夫动物小说
330    @a本书包括《白猴神物语》《乌鸦左膳》和《“黄角”与“三指”》三个故事。《白猴神物语》讲述的是吾妻山上的一只白猴和一个在山中烧炭的樵夫多年来和平共处,但最终樵夫不得不把白猴送进上野动物园的真实故事;《乌鸦左膳》讲述了生活在北海道高寒地区的一群乌鸦为了在严酷的环境中生存下去而勇敢战斗,守卫家园的故事;《“黄角”与“三指”》讲述一个绰号“三指”的猎人在七宿雪山追捕珍稀的领头羚羊“黄角”的故事。
606 0  @a儿童小说@Aer tong xiao shuo@x短篇小说@x小说集@x日本@z现代
690    @aI313.84@v5
701  0 @c(日)@a户川幸夫@Ahu chuan xing fu@4著
702  0 @c(日)@a石田武雄@Ashi tian wu xiong@4绘
702  0 @a赵建中@Azhao jian zhong@4译
801  0 @aCN@bTANGWEI@c20170308
905    @b0966471-4@dI313.84@e401@f4
    
    乌鸦办葬礼/(日)户川幸夫著/(日)石田武雄绘/赵建中译.-武汉:长江少年儿童出版社,2017
    188页:图;19cm
    户川幸夫动物小说
    
    ISBN 978-7-5560-4495-5:CNY18.00
    本书包括《白猴神物语》《乌鸦左膳》和《“黄角”与“三指”》三个故事。《白猴神物语》讲述的是吾妻山上的一只白猴和一个在山中烧炭的樵夫多年来和平共处,但最终樵夫不得不把白猴送进上野动物园的真实故事;《乌鸦左膳》讲述了生活在北海道高寒地区的一群乌鸦为了在严酷的环境中生存下去而勇敢战斗,守卫家园的故事;《“黄角”与“三指”》讲述一个绰号“三指”的猎人在七宿雪山追捕珍稀的领头羚羊“黄角”的故事。
●
相关链接 在E读中查询图书 在五车中查询图书 在当当中查询图书 在豆瓣中查询图书


正题名:乌鸦办葬礼     索取号:I313.84/401         预约/预借

序号 登录号 条形码 馆藏地/架位号 状态 备注
1 0966471   209664718   第一样本阅览室/ [索取号:I313.84/401] 在馆    
2 0966472   209664727   第二借阅区/ [索取号:I313.84/401] 在馆    
3 0966473   209664736   第二借阅区/ [索取号:I313.84/401] 在馆    
4 0966474   209664745   第二借阅区/ [索取号:I313.84/401] 在馆    
唐山师范学院图书馆 欢迎您!
大连网信软件有限公司© 版权所有